000 00732cab a2200229 4500
001 WB2821-25
008 090401t1992 xxu||||| |||| 00| 0 eng d
035 _a(Sirsi) u19452
041 _aeng
245 _aSecondary debt market
260 _c1992
350 _a0
490 _aEstates Times
_v(1144) 22 May 1992, 1(1)
520 _aFletcher King says it is working with two banks that would like to see a secondary property debt market set up in the UK and want to acquire portfolios from other banks.
650 _aBANK LENDING
650 _aSECONDARY PROPERTY DEBT
650 _aSECONDARY TRADING
690 _aPROPERTY-COMMERCIAL PROPERTY
690 _aFINANCE AND INVESTMENT
942 _n0
948 _c04/03/1997
999 _c12986
_d12986